Chanson à trous : Indochine - L'aventurier - Statistiques

Statistiques générales
  • Ce quiz a été pris 174 fois
  • Le résultat moyen est 10 sur 14
Statistiques - réponses
Couplets L'aventurier - Indochine % Correct
1 Égaré dans la {vallée} {infernale} Le héros s'appelle Bob Morane
99%
10 Bob Morane contre tout {chacal} L'aventurier contre tout guerrier Bob Morane contre tout {chacal} L'aventurier contre tout guerrier
91%
3 Avec l'ami Bill Ballantine Sauvé de justesse des {crocodiles}
86%
9 Et soudain surgit face au vent Le {vrai} {héros} de tous les temps
85%
6 En pleine terreur à Manicouagan Isolé dans la {jungle} birmane
83%
2 À la recherche de l'Ombre Jaune Le {bandit} s'appelle mister Kali Jones
79%
14 Tel L'aventurier solitaire Bob Morane est le roi {de} {la} {terre}
77%
4 Stop au trafic des {Caraïbes} Escale dans l'opération Nadawieb
72%
7 Emprisonnant les flibustiers L'ennemi y est {démasqué}
69%
8 On a volé le {collier} de Civa Le Maharadjah en répondra
67%
12 Son surnom, {Samouraï} {du} {Soleil} En démantelant le gang de l'Archipel
58%
11 Dérivant à bord du Sampang L'aventure au {parfum} d'Ylalang
55%
13 L'otage des {guerriers} du Doc Xhatan Il s'en sortira toujours à temps
51%
5 Le {cœur} {tendre} dans le lit de Miss Clark Prisonnière du Sultan de Jarawak
40%
Aucun quiz correspondant
Distribution des résultats
% des personnes avec chaque résultat
Percentile par nombre de réponses
Votre historique - résultats
Vous n’avez pas pris ce quiz